| 000 | 00357nam a2200145Ia 4500 | ||
|---|---|---|---|
| 008 | 191201s2005 xx 000 0 und d | ||
| 082 |
_a621.381 _bKRI |
||
| 100 | _aKrishnaswamy, K | ||
| 245 | 0 | _aIndustrial Instrumentation | |
| 250 | _a1st | ||
| 260 |
_aN.Delhi _bNewage International Pub _c2005 |
||
| 300 | _a455 | ||
| 650 | _aB.Tech(ME) | ||
| 942 |
_2ddc _cBK |
||
| 999 |
_c1402 _d1402 |
||